| 000 | 00692nam a2200217 i 4500 | ||
|---|---|---|---|
| 001 | 106141 | ||
| 003 | ES-MaACL | ||
| 005 | 20231227062538.0 | ||
| 007 | t| | ||
| 008 | 061003s1946 mx a |||| | spa d | ||
| 080 | _a821.134.2-34"19" | ||
| 100 | 1 |
_aJiménez, Juan Ramón, _d1881-1958 _966417 |
|
| 245 | 1 | 3 |
_aEl zaratán / _cJuan Ramón Jiménez ; 19 grabados de Alberto Beltrán. |
| 260 |
_aMéxico : _b[s.n.], _c1946. |
||
| 300 |
_a27 p. : _bil., grab. ; _c20 cm. |
||
| 490 | 1 |
_aColección lunes ; _v20 |
|
| 700 | 1 |
_aBeltrán, Alberto. _927331 |
|
| 830 | 0 |
_aColección lunes ; _v20 _9232821 |
|
| 852 |
_aES-MaACL _jAND-Fol-11 _z. - Biblioteca Juan Andrade |
||
| 999 |
_c106141 _d106141 |
||